| 000 | 00383nam a22001457a 4500 | ||
|---|---|---|---|
| 003 | MACL | ||
| 005 | 20170701124451.0 | ||
| 008 | 170701b xxu||||| |||| 00| 0 eng d | ||
| 040 | _cMACL | ||
| 100 |
_aHazarika, Sanjoy _98487 |
||
| 245 | _aClimate Change in the Eastern Himalaya | ||
| 260 |
_aDelhi _bAcademic Publications _c2015 |
||
| 650 |
_aEnvironment _967961 |
||
| 942 |
_2ddc _cBK |
||
| 999 |
_c56676 _d56676 |
||